Cuentos de María, la tierra y el hombre /
Zapisane w:
| 1. autor: | |
|---|---|
| Format: | Nieznany |
| Język: | Spanish |
| Wydane: |
San José, Costa Rica :
Editorial de la Universidad Estatal de Educación a Distancia,
c1993.
|
| Seria: | (Colección vieja y nueva narrativa costarricense ;
17) |
| Hasła przedmiotowe: | |
| Etykiety: |
Dodaj etykietę
Nie ma etykietki, Dołącz pierwszą etykiete!
|
MARC
| LEADER | 000000000a22000000004500 | ||
|---|---|---|---|
| 001 | 002862 | ||
| 020 | |a 9977917434 | ||
| 041 | 0 | |a spa | |
| 082 | 0 | 4 | |a CR863.4 |b V8124c |
| 100 | 1 | |a Víquez Rodríguez, Enio | |
| 245 | 1 | 0 | |a Cuentos de María, la tierra y el hombre / |c Enio Víquez Rodríguez. |
| 260 | 1 | |a San José, Costa Rica : |b Editorial de la Universidad Estatal de Educación a Distancia, |c c1993. | |
| 300 | |a 108 páginas : |b ilustraciones | ||
| 490 | 1 | |a (Colección vieja y nueva narrativa costarricense ; |v 17) | |
| 650 | 4 | |a LITERATURA COSTARRICENSE | |
| 650 | 4 | |a CUENTOS | |
| 999 | |c 9205 |d 9205 | ||
| 942 | |c BK |h CR863.4 V8124c |2 z | ||



